How computer graphics work (Record no. 483734)
[ view plain ]
| 000 -LEADER | |
|---|---|
| fixed length control field | 00455 a2200157 4500 |
| 020 ## - INTERNATIONAL STANDARD BOOK NUMBER | |
| International Standard Book Number | 1562762427 : |
| 040 ## - CATALOGING SOURCE | |
| Original cataloging agency | DLC |
| Language of cataloging | DLC |
| 082 00 - DEWEY DECIMAL CLASSIFICATION NUMBER | |
| Classification number | 006.6 |
| 100 1# - MAIN ENTRY--PERSONAL NAME | |
| Personal name | Prosise, Jeff. |
| 245 10 - TITLE STATEMENT | |
| Title | How computer graphics work |
| Statement of responsibility, etc. | Jeff Prosise ; illustrated by Gary Suen. |
| 260 ## - PUBLICATION, DISTRIBUTION, ETC. | |
| Place of publication, distribution, etc. | Emeryville, Calif. : |
| Name of publisher, distributor, etc. | Ziff-Davis Press, |
| Date of publication, distribution, etc. | c1994. |
| 300 ## - PHYSICAL DESCRIPTION | |
| Extent | xi, 182 p. : |
| Other physical details | col. ill. ; |
| Dimensions | 27 cm. |
| 500 ## - GENERAL NOTE | |
| General note | Includes index. |
| 650 #0 - SUBJECT ADDED ENTRY--TOPICAL TERM | |
| Topical term or geographic name entry element | Computer graphics. |
| 942 ## - ADDED ENTRY ELEMENTS (KOHA) | |
| Koha item type | Book |
| Source of classification or shelving scheme | |
| Withdrawn status | Lost status | Damaged status | Not for loan | Collection code | Permanent Location | Current Location | Shelving location | Date acquired | Total Checkouts | Full call number | Barcode | Date last seen | Date last checked out | Price effective from | Koha item type |
|---|---|---|---|---|---|---|---|---|---|---|---|---|---|---|---|
| Central Library (CL) | Central Library (CL) | First Floor - Machine Learning/Computer Graphics | 12/08/2000 | 1 | 006.6 PRO | SEECS00458 | 04/17/2018 | 03/02/2018 | 09/26/2018 | Book |
